Things That Start With 'T' - Statistics

General Stats
  • This quiz has been taken 50 times
  • The average score is 14 of 16
Answer Stats
Picture Answer % Correct
Table
100%
Taxi
98%
Tiger
98%
Toucan
98%
Turtle
98%
Tank
96%
Turkey
96%
Telescope
94%
Turnip
91%
Tattoo
89%
Teapot
89%
Track
89%
Titanic
77%
Toronto
70%
Tapestry
68%
Thomas
60%
No matching quizzes found
Score Distribution
Percent of People with Each Score
Percentile by Number Answered
Your Score History
You have not taken this quiz